00578 2200217 4500001002100000005001500021035002000036007000300056008004100059020001800100082001200118084001800130100002000148245002600168260004100194500006200235650003000297856001700327990000800344990000800352INLIS00000000000034120220602093347 a0010-0622000001ta220602 g 0 ind  a9786028250290 a297.648 a297.648 SAB m0 aSabaruddin Tain1 aMengapa Perlu sahabat aJakarta :bAnak Saleh Pratama,c2008 aMembentuk karakter anak sebagai pewaris bangsa besar ini. 4aSahabat Nabi Muhammad SAW aKoleksi Umum a393 a394